| 000 | 00369nam a2200109Ia 4500 | ||
|---|---|---|---|
| 008 | 171204s9999 xx 000 0 und d | ||
| 245 | _aEvening News: Optics, Astronomy, and Journalism in Early Modern Europe: | ||
| 245 | _cEileen Reeves | ||
| 260 | _c2014 | ||
| 650 | _xADVANCED JOURNALISTIC WRITING & PUBLICATION | ||
| 856 | _uhttp://down.ebook777.com/037/0812245741.pdf | ||
| 999 |
_c346021 _d346021 |
||